Estadísticas para Municipis de la Plana Baixa

Haz click aquí para intentar la prueba.

Estadísticas generales

  • Esta prueba ha sido intentada 30 veces
  • La puntuación promedio es 12 de 20

Respuestas en el mapa

Las respuestas están codificadas por una escala verde-roja en el mapa de la prueba según el % correcto abajo.
 

Estadísticas de respuestas

Resposta% Correcto
Borriana
87%
Vila-real
87%
la Vall d'Uixó
80%
Nules
80%
Onda
80%
les Alqueries
73%
Moncofa
73%
Xilxes
73%
Betxí
67%
Almenara
60%
Eslida
60%
la Vilavella
60%
Aín
53%
Alfondeguilla
53%
Artana
47%
la Llosa
47%
l'Alcúdia de Veo
40%
Ribesalbes
40%
Suera
40%
Tales
40%

Distribución de puntuación

Porcentaje por número respondido

Porcentaje de gente con cada puntuación

Historial de tus puntuaciones

No has intentado esta prueba.